00784cam a2200193 a 4500020001500000020002200015040000800037082002700045100001900072245006300091260004800154300002900202856006400231856005600295856006800351942000700419999001700426952014700443 a0618258000 a0618260226 (pbk.) cIF900a791 HOU 2002 A085 Or. 1 aSibley, Brian.14aThe lord of the rings :bthe making of the movie trilogy / aBoston :bHoughton Mifflin Company,cc2002. a191 p. :bill. ;c29 cm.42uhttp://www.loc.gov/catdir/description/hm031/2003266645.html41uhttp://www.loc.gov/catdir/toc/hm031/2003266645.html42uhttp://www.loc.gov/catdir/enhancements/fy0736/2003266645-b.html cEK c12462d12462 0010406791_000000000000000_HOU_2002_A085_OR70962219aLBAbLBAcA085d2017-08-14o791 HOU 2002 A085 Or.pA18243r2017-08-14w2017-08-14yEK